000 00564nam a2200229Ia 4500
003 OSt
005 20140414095529.0
008 140130s9999 xx 000 0 und d
020 _a9780590438438
050 _aPZ 7
_b.B7633Clse 1991
100 _aBridwell, Norman.
245 _cNorman Bridwell.
_aClifford, We love you /
260 _bScholastic Inc.,
_cc1991.
_aUSA :
300 _a30 p. :
_bcol. ill. ;
_c23 cm.
440 _v1
521 _aBR
526 _c120
650 _aDogs
_xFiction.
942 _cBK
_2lcc
999 _c39836
_d39836